000 00953nam a22001937a 4500
003 BR-ViAPE
005 20260422112901.0
008 260422s1897 por gs||||s000 0 por d
040 _cBR-ViAPE
110 _aEspírito Santo
_bEstado
245 _aMensagem do Exm. Sr. Vice-presidente do Estado do Espírito Santo lida na instalação do Congresso Legislativo em 15 de setembro de 1897, juntamente com o relatório do Exm. Sr. Dr. Graciano dos Santos Neves
260 _aVitória
_bTyp. do Estado
_c1897
300 _a12 p.
_bDocumento digitalizado (PDF)
500 _aDocumento digitalizado do acervo institucional do Arquivo Público do Estado do Espírito Santo - APEES.
650 _aAdministração pública
_zEspírito Santo
651 _aEspírito Santo
_xAdministração pública
856 _uhttps://ape.es.gov.br/Media/ape/PDF/Mensagens/GRACIANO%20DOS%20SANTOS%20NEVES%20(2).pdf
_yCLIQUE AQUI PARA ACESSAR O DOCUMENTO
942 _2ddc
_cMSGREL
_n1
999 _c533
_d533